| 000 | 01071nam a2200301 a 4500 | ||
|---|---|---|---|
| 999 |
_c200459725 _d77937 |
||
| 003 | TR-AnTOB | ||
| 005 | 20240229105106.0 | ||
| 007 | ta | ||
| 008 | 231101s2022 tu a 000 0 tur d | ||
| 020 | _a9789751752307 | ||
| 040 |
_aTR-AnTOB _beng _erda _cTR-AnTOB |
||
| 041 | 0 | _atur | |
| 044 | _ctu | ||
| 050 | 0 | 0 |
_aDR481 _b.U48 2022 |
| 090 | 0 | 0 |
_aDR481 _b.U48 2022 |
| 245 | 0 | 0 |
_aUluslararası Orta Anadolu ve Akdeniz Beylikleri, Tarihi, Kültürü ve Medeniyeti Sempozyumu - V : _bHamidoğulları Beyliği / _ceditörler Mehmet Şeker, Behset Karaca, Yakup Kaya, Ali Mıynat, Cem Uncu. |
| 264 | 1 |
_aAnkara : _bTürk Tarih Kurumu, _c2022. |
|
| 300 |
_axlvi, 741 pages : _bpictures, maps, planes, facsimiles, tables ; _c23 cm |
||
| 336 |
_btxt _2rdacontent _atext |
||
| 337 |
_bn _2rdamedia _aunmediated |
||
| 338 |
_bnc _2rdacarrier _avolume |
||
| 490 | 1 |
_aTürk Tarih Kurumu Yayınları ; _vVIII. |
|
| 490 | 1 | _aDizi - Sayı 36 | |
| 500 | _aKaynakça ve dizin var. | ||
| 651 | 0 |
_aTürkiye _xTarih _y1453'e kadar _946389 |
|
| 942 |
_2lcc _cBK |
||